[Event "Werfen op"]
[Site "Werfen"]
[Date "1995.??.??"]
[Round "9"]
[White "Pohl Kuemmel, Jens Uwe"]
[Black "Timoshchenko, Gennadi A"]
[Result "1/2-1/2"]
[WhiteElo "2265"]
[BlackElo "2535"]

1.d4 Nf6 2.Nf3 g6 3.c4 Bg7 4.Nc3 O-O 5.e4 d6 6.Be2 Na6 7.O-O e5 8.Be3 Ng4
9.Bg5 f6 10.Bc1 Nh6 11.Re1 Nf7 12.dxe5 fxe5 13.Rb1 c6 14.b4 Nc7 15.Be3 Ne6
16.g3 Qf6 17.Kg2 Nd4 18.Ng1 Be6 19.Bd3 Nh6 20.h3 Qf7 21.c5 dxc5 22.bxc5 Rad8
23.Rb2 Qe7 24.Qc1 Qxc5 25.Rxb7 Rf7 26.Rxf7 Nxf7 27.Bf1 Qa5 28.Rd1 Nd6 29.Qb2 Nc4
30.Qc1 Nxe3+ 31.Qxe3 Rb8 32.Nf3 Bxa2 33.Nxa2 Qxa2 34.Qc3 Kh8 35.Bc4 Qb2 36.Qxb2 Rxb2
37.Ra1 Nc2 38.Rxa7 Ne3+ 39.Kg1 Rb1+ 40.Kh2 Nxc4 41.Ra8+ Bf8 42.Rxf8+ Kg7
43.Rc8 Rb2 44.Kg1 Nd6 45.Rxc6 Nxe4 46.Nxe5 Rxf2 47.Rc7+ Kg8 48.Rc8+  1/2-1/2

[Event "Hoogovens op"]
[Site "Wijk aan Zee"]
[Date "1995.??.??"]
[Round "1"]
[White "Van der Sterren, Paul"]
[Black "Romero Holmes, Alfonso"]
[Result "1-0"]
[WhiteElo "2560"]
[BlackElo "2455"]

1.d4 Nf6 2.c4 g6 3.Nc3 Bg7 4.e4 d6 5.Nf3 O-O 6.Be2 e5 7.Be3 Ng4 8.Bg5 f6
9.Bc1 c5 10.dxc5 dxc5 11.Qxd8 Rxd8 12.Nd5 Nd7 13.h3 Nh6 14.Be3 Kf7 15.O-O-O b6
16.g4 Ng8 17.g5 f5 18.exf5 gxf5 19.g6+  1-0

[Event "Hoogovens op"]
[Site "Wijk aan Zee"]
[Date "1995.??.??"]
[Round "2"]
[White "Hansen, Lars Bo"]
[Black "Van der Wiel, John TH"]
[Result "1/2-1/2"]
[WhiteElo "2565"]
[BlackElo "2570"]

1.d4 Nf6 2.Nf3 g6 3.c4 Bg7 4.Nc3 O-O 5.e4 d6 6.Be2 e5 7.d5 a5 8.Bg5 h6 9.Bh4 Na6
10.O-O Nc5 11.Nd2 Bd7 12.b3 Nfxe4 13.Bxd8 Nxc3 14.Qe1 Rfxd8 15.f3 Re8 16.Kh1 f5
17.Ne4 N3xe4 18.fxe4 Nxe4 19.g4 Ng5 20.gxf5 Bxf5 21.h4 Nh3 22.Qg3 Nf4 23.Bg4 Rf8
24.Rad1 b6 25.Rd2 Kh7 26.Rdf2 Be4+ 27.Kh2 h5 28.Bd1 Bh6 29.Qc3 Rf6 30.Bc2 Bxc2
31.Qxc2 Raf8 32.Kh1 Bg7 33.Kh2 Rf5 34.Qe4 Bf6 35.Kg3 Kh6 36.a3 Bd8 37.Rf3 g5
38.hxg5+ Rxg5+ 39.Kh2 Rg4 40.Qe3 Rh4+ 41.Rh3 Rg4 42.Rg3 Bh4 43.Rxg4 hxg4
44.Qe4 g3+  1/2-1/2

[Event "Sonnevanck-A"]
[Site "Wijk aan Zee"]
[Date "1995.??.??"]
[Round "2"]
[White "Peng, Zhaoqin"]
[Black "Van de Mortel, Jan"]
[Result "1/2-1/2"]
[WhiteElo "2370"]
[BlackElo "2310"]

1.d4 Nf6 2.c4 g6 3.Nc3 Bg7 4.e4 d6 5.Nf3 O-O 6.Be2 e5 7.d5 a5 8.Bg5 h6 9.Bh4 Na6
10.Nd2 Qe8 11.O-O Bd7 12.Kh1 Nh7 13.a3 h5 14.f3 Bh6 15.b3 Be3 16.Ra2 Nc5
17.Qb1 f5 18.b4 axb4 19.axb4 Rxa2 20.Qxa2 Na6 21.Rb1 g5 22.Be1 Kh8 23.c5 dxc5
24.Bxa6 bxa6 25.bxc5 Bxc5 26.Qxa6 g4 27.Bh4 Be3 28.Nc4 Bd4 29.Ne2 fxe4 30.Nxd4 exd4
31.Qa1 exf3 32.Qxd4+ Kg8 33.gxf3 Rxf3 34.Ne5 Rf8 35.Re1 Bb5 36.Nxg4 Qg6 37.Ne5 Qg7
38.Rg1 Rf1 39.Bg3 Rxg1+ 40.Kxg1 Qg5 41.Qf4 Qxf4 42.Bxf4 Nf6 43.d6 cxd6 44.Nf3 d5
45.Kf2 Kf7  1/2-1/2

[Event "Hoogovens op"]
[Site "Wijk aan Zee"]
[Date "1995.??.??"]
[Round "4"]
[White "Hansen, Lars Bo"]
[Black "Nijboer, Friso"]
[Result "1-0"]
[WhiteElo "2565"]
[BlackElo "2510"]

1.d4 Nf6 2.Nf3 g6 3.c4 Bg7 4.Nc3 O-O 5.e4 d6 6.Be2 e5 7.d5 a5 8.h3 Na6 9.Bg5 Nc5
10.Nd2 c6 11.Rb1 h6 12.Be3 Ne8 13.a3 f5 14.b4 axb4 15.axb4 Ne6 16.dxe6 f4
17.e7 Qxe7 18.Bb6 Nf6 19.b5 Be6 20.bxc6 bxc6 21.O-O Rfb8 22.Nf3 c5 23.Rb5 Qd7
24.Qd3 Ra3 25.Bxc5 Rxb5 26.Bxa3 Rb3 27.Ra1 Nxe4 28.Qxe4 Bf5 29.Qd5+ Be6 30.Qa8+ Kh7
31.Ne4 Bf5 32.Bc1  1-0

[Event "Sonnevanck"]
[Site "Wijk aan Zee"]
[Date "1995.??.??"]
[Round "8"]
[White "Ftacnik, Lubomir"]
[Black "Glek, Igor V"]
[Result "1/2-1/2"]
[WhiteElo "2605"]
[BlackElo "2590"]

1.Nf3 Nf6 2.c4 g6 3.Nc3 Bg7 4.d4 O-O 5.e4 d6 6.Be2 e5 7.O-O exd4 8.Nxd4 Re8
9.f3 Nc6 10.Be3 Nh5 11.f4 Nf6 12.Bf3 Bg4 13.Nxc6 Bxf3 14.Qxf3 bxc6 15.Rae1 Qc8
16.e5 dxe5 17.Qxc6 Ng4 18.Bc5 exf4 19.Nd5 Ne5 20.Nf6+ Bxf6 21.Qxf6 Qf5 22.Qxf5 gxf5
23.Rd1 Nxc4 24.Rxf4 Nd6 25.Bxd6 cxd6 26.Rxf5 Re2 27.Rf2 Rxf2 28.Kxf2 Rb8
29.b3 Rb6 30.Ke3 Kf8 31.Rd4 Ra6 32.a4 Ke7 33.Rh4 Rb6 34.b4 a6 35.Kd3 d5 36.Kc3 Ke6
37.Rh6+ f6 38.Rxh7 d4+ 39.Kc4 d3 40.Kxd3  1/2-1/2

[Event "Sonnevanck-B"]
[Site "Wijk aan Zee"]
[Date "1995.??.??"]
[Round "8"]
[White "Michaelsen, Nils"]
[Black "Lane, Gary W"]
[Result "1-0"]
[WhiteElo "2430"]
[BlackElo "2405"]

1.d4 Nf6 2.c4 d6 3.Nc3 Nbd7 4.e4 e5 5.Nf3 g6 6.Be2 Bg7 7.O-O O-O 8.Be3 c6
9.d5 c5 10.Ne1 Ne8 11.g4 f5 12.exf5 gxf5 13.gxf5 Ndf6 14.Bd3 e4 15.Nxe4 Nxe4
16.Bxe4 Bxb2 17.Rb1 Bg7 18.Kh1 Qh4 19.Qc2 Qh3 20.Ng2 Be5 21.f4 Bg7 22.Rf3 Qh5
23.Rg3 Kh8 24.Rg5 Qf7 25.Nh4 Nf6 26.Rbg1 Bh6 27.Qc3 b5 28.Bc1 Bb7 29.Bb2 Qe7
30.Bf3 bxc4 31.Rh5  1-0

[Event "Hoogovens op"]
[Site "Wijk aan Zee"]
[Date "1995.??.??"]
[Round "8"]
[White "Zvjaginsev, Vadim"]
[Black "Nijboer, Friso"]
[Result "1-0"]
[WhiteElo "2585"]
[BlackElo "2510"]

1.d4 Nf6 2.c4 g6 3.Nc3 Bg7 4.e4 d6 5.Be2 O-O 6.Nf3 e5 7.d5 a5 8.h3 Na6 9.Bg5 Bd7
10.Nd2 Nc5 11.Rb1 h6 12.Be3 Ne8 13.g4 f5 14.exf5 gxf5 15.Rg1 Kh8 16.g5 e4
17.gxh6 Bf6 18.Nb3 Nxb3 19.Qxb3 a4 20.Qc2 Qe7 21.Bf4 Be5 22.Qd2 Nf6 23.Rg7 Bxf4
24.Qxf4 Rf7 25.Rg5 Nh7 26.Rg6 Nf8 27.Rg3 Qe5 28.Qxe5+ dxe5 29.Kd2 f4 30.Rg5 Bf5
31.Bg4 e3+ 32.fxe3 Bxb1 33.Nxb1 fxe3+ 34.Kxe3 Nd7 35.Rg7 Rxg7 36.hxg7+ Kxg7
37.Bxd7 Kf6 38.Nc3 a3 39.b4 Rf8 40.Ne4+ Ke7 41.Bg4 Rf1 42.c5 Rb1 43.d6+ cxd6
44.cxd6+ Ke8 45.Ng5 Rb3+ 46.axb3 a2 47.d7+ Ke7 48.Ne6 Kxd7 49.Nd4+  1-0

[Event "Hoogovens op"]
[Site "Wijk aan Zee"]
[Date "1995.??.??"]
[Round "9"]
[White "Hansen, Lars Bo"]
[Black "Zapata, Alonso"]
[Result "0-1"]
[WhiteElo "2565"]
[BlackElo "2535"]

1.d4 Nf6 2.Nf3 g6 3.c4 Bg7 4.Nc3 O-O 5.e4 d6 6.Be2 e5 7.d5 a5 8.Bg5 h6 9.Bh4 Na6
10.O-O Bd7 11.Nd2 Qb8 12.a3 Nh7 13.Rb1 h5 14.f3 Nc5 15.b4 axb4 16.axb4 Na4
17.Nxa4 Rxa4 18.c5 Bh6 19.Bf2 Ra2 20.Nb3 Ba4 21.Qe1 b6 22.Nc1 Ra3 23.c6 b5
24.Rb2 f5 25.exf5 gxf5 26.Na2 Nf6 27.Nc3 Rxc3 28.Qxc3 Nxd5 29.Qa3 Qe8 30.Qa2 Qxc6
31.Bd1 Ra8 32.Bxa4 Rxa4 33.Qb1 Qd7 34.Kh1 Qf7 35.Qd3 c6 36.Rd1 Bg7 37.Qd2 Qg6
38.Rb3 Bh6 39.Qb2 Bg7 40.Qd2 Bf8 41.Rdb1 Kh7 42.Qc2 Ra6 43.R3b2 Bg7 44.Rb3 Ne7
45.Rc3 f4 46.Rd3 Nd5 47.Qd2 Ra2 48.Qxa2 Qxd3 49.Qb3 Qxb3 50.Rxb3 Kg6 51.Kg1 Kf5
52.Kf1 e4 53.Be1 Ne3+ 54.Ke2 Nxg2 55.fxe4+ Kxe4 56.Bd2 Bd4 57.Rh3 h4 58.Bc3 Be3
59.Bf6 d5 60.Bxh4 d4 61.Be1 d3+ 62.Kf1 f3 63.Rh8 Nxe1 64.Re8+ Kd4 65.Kxe1 f2+
66.Kf1 d2 67.Rd8+ Kc3 68.Ke2 Bd4 69.Rf8 Kc2  0-1

[Event "Oberliga Wuert9596"]
[Site "Wuerttemberg"]
[Date "1995.??.??"]
[Round "?"]
[White "Schmitt, Axel"]
[Black "Kaiser, Dieter"]
[Result "0-1"]
[WhiteElo "2350"]
[BlackElo "2245"]

1.Nf3 Nf6 2.c4 g6 3.Nc3 Bg7 4.e4 d6 5.d4 O-O 6.Be2 e5 7.O-O Nbd7 8.Be3 c6
9.d5 c5 10.Ne1 a6 11.Rb1 Kh8 12.a3 Ng8 13.b4 Bh6 14.Bxh6 Nxh6 15.Nd3 b6 16.bxc5 bxc5
17.Qa4 f5 18.f4 Qe7 19.fxe5 Nxe5 20.Nxe5 Qxe5 21.Qc6 Ra7 22.Rb8 Qxc3 23.Rxc8 Rxc8
24.Qxc8+ Kg7 25.exf5 Qe3+ 26.Rf2 Nxf5 27.g4 Rf7 28.Qe6 Qd4 29.Qxf7+ Kxf7
30.gxf5 gxf5 31.Bf1 Kf6 32.Bh3 f4 33.Bf1 Kg5 34.Kg2 Qc3 35.h4+ Kf5 36.Rf3 Qc2+
37.Kh3 Qd1 38.Bd3+ Ke5 39.Kg2 Qd2+ 40.Kh3 h5 41.Bg6 Qd1 42.Bxh5 Qh1+ 43.Kg4 Qg2+  0-1

[Event "Bayern-ch"]
[Site "Wuerzburg"]
[Date "1995.??.??"]
[Round "1"]
[White "Reis, Gerhard"]
[Black "Doeres, Hans Juergen"]
[Result "1/2-1/2"]
[WhiteElo "2265"]
[BlackElo "2260"]

1.Nf3 Nf6 2.c4 d6 3.Nc3 g6 4.d4 Bg7 5.e4 O-O 6.Be2 e5 7.O-O Nbd7 8.Re1 Re8
9.Bf1 c6 10.dxe5 dxe5 11.b3 a5 12.Ba3 Bf8 13.Bxf8 Kxf8 14.Qd2 Kg7 15.Na4 Qe7
16.h3 Nc5 17.Nxc5 Qxc5 18.Qb2 Ng8 19.a3 f6 20.b4 Qe7 21.c5 Be6 22.Qc3 axb4
23.axb4 Nh6 24.Red1 Nf7 25.Nd2 Red8 26.Nc4 Rxa1 27.Qxa1 Bxc4 28.Bxc4 Ng5
29.f3 Rxd1+ 30.Qxd1 Ne6 31.Bxe6  1/2-1/2

[Event "ARM-ch"]
[Site "Yerevan"]
[Date "1995.??.??"]
[Round "11"]
[White "Kalantarian, Norik"]
[Black "Nalbandian, Tigran"]
[Result "1/2-1/2"]
[WhiteElo "2495"]
[BlackElo "2460"]

1.d4 Nf6 2.c4 g6 3.Nc3 Bg7 4.e4 d6 5.Nf3 O-O 6.Be2 e5 7.dxe5 dxe5 8.Qxd8 Rxd8
9.Bg5 Re8 10.Nd5 Nxd5 11.cxd5 c6 12.Bc4 cxd5 13.Bxd5 Nc6 14.Bxc6 bxc6 15.O-O  1/2-1/2

[Event "Zadar op"]
[Site "Zadar"]
[Date "1995.??.??"]
[Round "?"]
[White "Kozul, Zdenko"]
[Black "Loncar, Robert"]
[Result "1-0"]
[WhiteElo "2570"]
[BlackElo "2385"]

1.d4 g6 2.c4 Bg7 3.Nc3 d6 4.Nf3 Nd7 5.e4 e5 6.Be2 Ngf6 7.O-O O-O 8.Qc2 c6
9.Rd1 Qc7 10.d5 c5 11.Rb1 a6 12.Ne1 Ne8 13.Bd3 Qd8 14.a3 Bf6 15.Nf3 Ng7 16.b4 g5
17.Ne1 g4 18.Be2 h5 19.bxc5 Nxc5 20.Be3 Bg5 21.Bxc5 dxc5 22.Nd3 Qd6 23.Na4 b5
24.cxb5 c4 25.Qxc4 axb5 26.Qc5 Qg6 27.Nc3 f5 28.Nxe5 Qf6 29.Nc6 Bf4 30.d6 Bxh2+
31.Kxh2 Qh4+ 32.Kg1 f4 33.d7 g3 34.Bf3 Bxd7 35.Rxd7  1-0

[Event "Zadar op (Women)"]
[Site "Zadar"]
[Date "1995.??.??"]
[Round "?"]
[White "Misanovic, Vesna"]
[Black "Hagarova, Zuzana"]
[Result "1/2-1/2"]
[WhiteElo "2360"]
[BlackElo "2230"]

1.d4 Nf6 2.c4 g6 3.Nc3 Bg7 4.e4 d6 5.Nf3 O-O 6.Be2 e5 7.d5 a5 8.h3 Na6 9.Bg5 Bd7
10.g4 Nc5 11.Nd2 Qc8 12.Rg1 Rb8 13.Rc1 c6 14.a3 a4 15.f3 cxd5 16.cxd5 b5
17.Na2 Qb7 18.Be3 Rfc8 19.Kf2 Kh8 20.Nb4 Ne8 21.Nd3 Nxd3+ 22.Bxd3 f5 23.Kg2 f4
24.Bf2 Bf6 25.b3 Rxc1 26.Qxc1 axb3 27.Nxb3 Bd8 28.Qd2  1/2-1/2

[Event "EU-ch U18"]
[Site "Zagan"]
[Date "1995.??.??"]
[Round "1"]
[White "Stojanovic, Mihajlo"]
[Black "Dantas, Carlos"]
[Result "1-0"]
[WhiteElo "2390"]
[BlackElo "2170"]

1.d4 Nf6 2.Nf3 g6 3.c4 Bg7 4.Nc3 O-O 5.e4 d6 6.Be2 e5 7.Be3 Nc6 8.d5 Ne7
9.Nd2 Ne8 10.c5 f5 11.f3 Kh8 12.O-O f4 13.Bf2 g5 14.Nc4 Rf6 15.cxd6 cxd6
16.Nb5 b6 17.a4 Ba6 18.Qb3 Rh6 19.Ncxd6 Nxd6 20.Nxd6 Qxd6 21.Bxa6 Rg8 22.Rfd1 Bf8
23.h3 Ng6 24.Rac1 g4 25.hxg4 Qd8 26.d6 Nh4 27.Rc8 Qd7 28.Rc7 Qd8 29.d7 Bc5
30.Rc8 Nxf3+ 31.Qxf3  1-0

[Event "EU-ch U18"]
[Site "Zagan"]
[Date "1995.??.??"]
[Round "3"]
[White "Kempinski, Robert"]
[Black "Tonning, Erik"]
[Result "1-0"]
[WhiteElo "2455"]
[BlackElo "2200"]

1.d4 Nf6 2.c4 g6 3.Nc3 Bg7 4.e4 d6 5.Nf3 O-O 6.Be2 e5 7.d5 a5 8.h3 h5 9.Bg5 Qe8
10.Nd2 Nh7 11.Be3 b6 12.g4 hxg4 13.hxg4 Qe7 14.Qc2 Bf6 15.O-O-O Bg5 16.Qd3 Qf6
17.Rh2 Na6 18.a3 Nc5 19.Bxc5 Bxd2+ 20.Qxd2 bxc5 21.Nb5 Ng5 22.Nxc7 Rb8 23.Qe3 a4
24.Nb5 Ba6 25.Rdh1 Bxb5 26.cxb5 c4 27.b6 Qf4 28.Qxf4 exf4 29.Rh8+ Kg7 30.Rxf8 Rxf8
31.Bxc4 Nxe4 32.f3 Nc5 33.g5 f6 34.gxf6+ Kxf6 35.Rh4 Ke5 36.Kd2 Kd4 37.Ba2 Nd3
38.Rh7 Ne5 39.Ke2 g5 40.Ra7 Kc5 41.b7 Rb8 42.Ra5+ Kb6 43.Rxa4 Rxb7 44.Rb4+ Kc7
45.Rxb7+ Kxb7 46.b4 Kb6 47.a4 Ka6 48.Bb1 Kb6 49.Bd3 Nd7 50.a5+ Kb7 51.Kd2 Nf6
52.b5 Nd7 53.b6 Nf6 54.Bf5 Kb8 55.a6 Ka8 56.Kd3 Kb8 57.Kc4 Ka8 58.Kb5 g4
59.a7  1-0

[Event "EU-ch U18 Girls"]
[Site "Zagan"]
[Date "1995.??.??"]
[Round "6"]
[White "Zielinska, Marta"]
[Black "Tallova, Ivana"]
[Result "1-0"]
[WhiteElo "2250"]
[BlackElo "2060"]

1.d4 Nf6 2.c4 g6 3.Nc3 Bg7 4.e4 d6 5.Nf3 O-O 6.Be2 Nbd7 7.O-O e5 8.Be3 Re8
9.Qc2 exd4 10.Nxd4 Nc5 11.f3 Ne6 12.Nb3 Bd7 13.Rad1 b6 14.Nc1 Nh5 15.g3 Nf8
16.Qd2 Nf6 17.Nd3 h5 18.Nf2 Kh7 19.Rde1 Ng8 20.Nd5 Bh6 21.f4 Nf6 22.Bd3 Nxd5
23.exd5 f5 24.Bd4 c5 25.Bc3 Bg7 26.Nh3 Kg8 27.Ng5 Nh7 28.Rxe8+ Qxe8 29.Bxg7 Kxg7
30.Re1 Qf8 31.Qc3+ Nf6 32.Qa3 Re8 33.Rd1 Qe7 34.Qxa7 Qe3+ 35.Kg2 Kg8 36.Nf3 Qe7
37.Re1 Qd8 38.Rxe8+ Bxe8 39.h3 Bd7 40.Ng5 Nh7 41.Ne6 Qe8 42.Qxb6 Bxe6 43.dxe6 Qxe6
44.Qd8+ Kg7 45.Kf2 Nf6 46.Qc7+ Kh6 47.Qb8 Kg7 48.Qb3 h4 49.gxh4 Nh5 50.Qb7+ Kh6
51.Qg2 Kh7 52.Qg5 d5 53.cxd5 Qxd5 54.Qe7+ Kh6 55.Qe5 Qd8 56.Ke3 Kh7 57.Bxf5 Qxh4
58.Bxg6+ Kxg6 59.Qg5+ Qxg5 60.fxg5 Kxg5 61.Kd3 Kf5 62.Kc4 Nf4 63.b3 Nxh3
64.Kxc5 Ke5 65.a4 Ng5 66.a5 Ne6+ 67.Kb6  1-0

[Event "EU-ch U18"]
[Site "Zagan"]
[Date "1995.??.??"]
[Round "7"]
[White "Zitin, Yuri"]
[Black "Dantas, Carlos"]
[Result "1/2-1/2"]
[WhiteElo "2315"]
[BlackElo "2170"]

1.d4 Nf6 2.Nf3 g6 3.c4 Bg7 4.Nc3 O-O 5.e4 d6 6.Be2 e5 7.d5 Nbd7 8.Be3 Nc5
9.Nd2 Ne8 10.b4 Na6 11.a3 f5 12.f3 f4 13.Bf2 g5 14.g4 c5 15.b5 Nb8 16.a4 a5
17.Qc2 b6 18.O-O-O Ra7 19.h4 Bf6 20.Rh2 Rff7 21.Rdh1 h6 22.Nd1 Rh7 23.Nb2 Rag7
24.Nd3 Nd7 25.Ne1 Nf8 26.Ng2 Ng6 27.Qd1 Qe7 28.Qg1 Bb7 29.Rh3 Bc8 30.R1h2 Bd7
31.Qh1 Bc8 32.Nb3 Bb7 33.Be1 Qc7 34.hxg5 Bxg5 35.Kc2 Bc8 36.Nh4 Nxh4 37.Bxh4 Nf6
38.Qa1 Qd8 39.Bxg5 hxg5 40.Qh1 Qe7 41.Rh6 Qf7 42.Qe1 Qc7 43.Rh1 Kf7 44.Qb1 Qa7
45.Qb2 Rxh6 46.Rxh6 Rh7 47.Rxh7+ Nxh7  1/2-1/2

[Event "EU-ch U18"]
[Site "Zagan"]
[Date "1995.??.??"]
[Round "7"]
[White "Stojanovic, Mihajlo"]
[Black "Szuk, Balazs"]
[Result "1/2-1/2"]
[WhiteElo "2390"]
[BlackElo "2360"]

1.d4 Nf6 2.Nf3 g6 3.c4 Bg7 4.Nc3 O-O 5.e4 d6 6.Be2 e5 7.Be3 h6 8.O-O Ng4
9.Bc1 Nc6 10.d5 Ne7 11.Ne1 f5 12.Bxg4 fxg4 13.Be3 g5 14.f3 gxf3 15.Rxf3 Rxf3
16.Qxf3 b6 17.a4 Ng6 18.g3 Bd7 19.Ng2 Qc8 20.Bd2 Bg4 21.Qd3 Bh3 22.Nd1 a5
23.Nge3 Qe8 24.Nf2 Bd7 25.b3 Nf8 26.Rf1 Nh7 27.g4 Nf6 28.Qe2 Qg6 29.Nf5 Bxf5
30.gxf5 Qh5 31.Qxh5 Nxh5 32.Kg2 Bf6 33.Kf3 Be7 34.Ng4 Kg7 35.Rh1 Rh8 36.c5 bxc5
37.Bxa5 c4 38.b4 Rc8 39.Rc1 c5 40.Rxc4 Ra8 41.h3 Nf4 42.Ne3 Nd3 43.Rc3 cxb4
44.Rxd3 Rxa5 45.Rb3 Rxa4 46.Nc2 Ra2 47.Nxb4 Rh2 48.Kg3 Re2 49.Nc6 Kf6 50.Rb7 Bf8
51.Rb8 Kf7 52.Kf3 Rh2 53.Kg4 Rg2+ 54.Kf3 Rh2 55.Kg3 Re2 56.Rb4 h5 57.Rc4 Re3+
58.Kg2 h4 59.Nb4 Kf6 60.Nc2 Re2+ 61.Kf1 Rh2 62.Rc3 Rh1+ 63.Kg2 Rc1 64.Kf3 Rf1+
65.Ke2 Rf4  1/2-1/2

[Event "EU-ch U18"]
[Site "Zagan"]
[Date "1995.??.??"]
[Round "8"]
[White "Kempinski, Robert"]
[Black "Baklan, Vladimir"]
[Result "1/2-1/2"]
[WhiteElo "2455"]
[BlackElo "2490"]

1.Nf3 Nf6 2.c4 g6 3.Nc3 Bg7 4.e4 d6 5.d4 O-O 6.Be2 e5 7.d5 a5 8.h3 Nh5 9.g3 Na6
10.Bg5 f6 11.Bd2 f5 12.exf5 gxf5 13.Ng5 Nf6 14.g4 c6 15.Rg1 Kh8 16.Ne6 Bxe6
17.dxe6 Ne4 18.gxf5 Nxd2 19.Qxd2 Rxf5 20.O-O-O Nc5 21.Qxd6 Qxd6 22.Rxd6 Bf8
23.Rdd1 Rxf2 24.Bg4 e4 25.Kb1 Nd3 26.Be2 Nf4 27.Bg4 Nd3 28.Be2  1/2-1/2

[Event "EU-ch U18"]
[Site "Zagan"]
[Date "1995.??.??"]
[Round "9"]
[White "Stojanovic, Mihajlo"]
[Black "Kempinski, Robert"]
[Result "0-1"]
[WhiteElo "2390"]
[BlackElo "2455"]

1.d4 Nf6 2.Nf3 g6 3.c4 Bg7 4.Nc3 O-O 5.e4 d6 6.Be2 Na6 7.O-O e5 8.Be3 Qe8
9.h3 exd4 10.Bxd4 h6 11.Re1 Be6 12.Nd5 Qd8 13.Qc2 Bxd5 14.cxd5 c5 15.Bxa6 bxa6
16.Bc3 Re8 17.Nd2 Nd7 18.Re3 Rb8 19.Rae1 Bxc3 20.Qxc3 Rb4 21.a3 Rd4 22.b4 Qf6
23.g3 cxb4 24.axb4 Rb8 25.Rb1 a5 26.b5 Rb4 27.Qc7 Rxb1+ 28.Nxb1 Rxb5 29.Nc3 Rc5
30.Qxd7 Rxc3 31.Qxa7 Rxe3 32.Qxe3 Qb2  0-1

[Event "EU-ch U18"]
[Site "Zagan"]
[Date "1995.??.??"]
[Round "11"]
[White "Stojanovic, Mihajlo"]
[Black "Shaplyko, Andrej"]
[Result "1/2-1/2"]
[WhiteElo "2390"]
[BlackElo "2385"]

1.d4 Nf6 2.Nf3 g6 3.c4 Bg7 4.Nc3 O-O 5.e4 d6 6.Be2 e5 7.Be3 h6 8.O-O Ng4
9.Bc1 Nc6 10.d5 Ne7 11.Ne1 f5 12.Bxg4 fxg4 13.Be3 g5 14.c5 Ng6 15.Rc1 Rf7
16.a4 Bf8 17.cxd6 Bxd6 18.g3 a6 19.Nd3 Qe7 20.a5 Rg7 21.Na4 Nf4 22.Nac5 Nxd3
23.Qxd3 Qe8 24.Rc3 Qb5 25.Qxb5 axb5 26.b4 Rb8 27.Nd3 Bd7 28.Bc5 Be8 29.Re1 Bg6
30.Nc1 Rf7 31.Nb3 Rbf8 32.Re2 Rf3 33.Rce3 Bxe4 34.Rxe4 Rxb3 35.Rxg4 Rc3 36.Bxd6 cxd6
37.h4 Rf5 38.hxg5 hxg5 39.Kg2 Rd3 40.Rc2 Rxd5 41.f4 exf4 42.gxf4 Rxf4 43.Rxf4 gxf4
44.Rc8+ Kf7 45.Rc7+ Ke6 46.Rxb7 Kf5 47.a6 Ke4 48.Re7+ Kd3 49.a7 Rg5+ 50.Kf3 Rg8
51.Rb7 Ra8  1/2-1/2

[Event "Zalakaros op"]
[Site "Zalakaros"]
[Date "1995.??.??"]
[Round "1"]
[White "Sinkovics, Peter"]
[Black "Bognar, Csaba"]
[Result "1-0"]
[WhiteElo "2410"]
[BlackElo "2015"]

1.d4 Nf6 2.Nf3 g6 3.c4 Bg7 4.Nc3 d6 5.e4 O-O 6.Be2 Nbd7 7.O-O e5 8.Be3 c6
9.Qc2 Qc7 10.Rad1 b6 11.Rfe1 Bb7 12.Bf1 Rad8 13.b4 Rfe8 14.h3 d5 15.exd5 exd4
16.Nxd4 cxd5 17.Ncb5 Qb8 18.c5 Bf8 19.c6 Rc8 20.cxd7 Rxc2 21.dxe8=Q Qxe8
22.Nxc2 Qd7 23.Bd4 Ne4 24.Bd3 f5 25.Nxa7 Qa4 26.Bxb6 Qxa2 27.Ra1  1-0

[Event "Zalakaros op"]
[Site "Zalakaros"]
[Date "1995.??.??"]
[Round "4"]
[White "Kincs, Imre"]
[Black "Sinkovics, Peter"]
[Result "0-1"]
[WhiteElo "2230"]
[BlackElo "2410"]

1.d4 Nf6 2.c4 g6 3.Nc3 Bg7 4.e4 d6 5.Be2 O-O 6.Nf3 Nbd7 7.O-O e5 8.d5 Nc5
9.Nd2 a5 10.Rb1 Bh6 11.Qc2 Ne8 12.Nb3 Bxc1 13.Rbxc1 b6 14.Nxc5 bxc5 15.b3 f5
16.exf5 Bxf5 17.Qd2 Qh4 18.Nb5 Bd7 19.a4 Bxb5 20.axb5 Nf6 21.Ra1 Qd4 22.Qc2 e4
23.Rad1 Qe5 24.Rfe1 Rae8 25.Ra1 e3 26.f3 Qd4 27.Ra2 Nh5 28.g3 Qe5 29.Kg2 Qg5
30.Rg1 Nf4+ 31.Kh1 Nh3 32.Rga1 Rf4 33.Rxa5 Nf2+ 34.Kg2 Rh4 35.f4 Rxf4 36.Ra8 Ref8
37.Qb2 Ne4 38.Rxf8+ Rxf8 39.Rf1 Nf2 40.Qc3 Re8 41.Re1 h5 42.Bf3 h4 43.Re2 Re5
44.Re1 hxg3 45.hxg3 Qh6 46.Kf1 Qh2 47.Qxe5 dxe5 48.d6 Nh3  0-1

[Event "Zalakaros op"]
[Site "Zalakaros"]
[Date "1995.??.??"]
[Round "6"]
[White "Kopjonkin, Gennady"]
[Black "Zimmerman, Yuri"]
[Result "1/2-1/2"]
[WhiteElo "2425"]
[BlackElo "2335"]

1.d4 Nf6 2.c4 g6 3.Nc3 Bg7 4.e4 d6 5.Nf3 O-O 6.Be2 e5 7.d5 a5 8.Bg5 h6 9.Bh4 Na6
10.Nd2 Qe8 11.a3 Bd7 12.b3 Nh7 13.Rb1 h5 14.f3 Bh6 15.Bf2 Qe7 16.h4 c5 17.dxc6 bxc6
18.b4 axb4 19.axb4 Rfb8 20.b5 Nc5 21.Nb3 Nf8 22.Nxc5 dxc5 23.bxc6 Bxc6 24.Nd5 Qd8
25.O-O Ne6 26.Rxb8 Rxb8 27.Qa1 Nd4 28.Bd3 Rb3 29.Rd1 Bxd5  1/2-1/2

[Event "Zalakaros op"]
[Site "Zalakaros"]
[Date "1995.??.??"]
[Round "6"]
[White "Szollosi, Laszlo Jr"]
[Black "Pesztericz, Laszlo"]
[Result "1/2-1/2"]
[WhiteElo "2295"]
[BlackElo "2125"]

1.d4 g6 2.c4 Bg7 3.Nc3 Nf6 4.Nf3 d6 5.e4 O-O 6.Be2 e5 7.dxe5 dxe5 8.Qxd8 Rxd8
9.Bg5 Re8 10.Nd5 Nxd5 11.cxd5 c6 12.Bc4 cxd5 13.Bxd5 Nd7 14.O-O Nb6 15.Bb3 Bd7
16.Rfd1 Bc6 17.Be3 h6 18.Nd2 Bf8 19.f3 Na4 20.Nc4 Nc5 21.Na5 Ba4 22.Bxa4 Nxa4
23.b3 Bc5 24.Kf2 Bxe3+ 25.Kxe3 b6 26.bxa4 bxa5 27.Rd5 Rab8 28.Rad1 Rb2 29.R1d2 Reb8
30.Rxe5 Rxd2 31.Kxd2 Rb2+ 32.Ke3 Rxg2 33.h4 Rxa2 34.Rxa5 Rh2 35.Rxa7 Rxh4
36.a5 Rh1 37.a6 Ra1 38.Kf4 Ra3 39.Ra8+ Kg7 40.a7 h5 41.Kg5 Ra5+ 42.Kh4 Kf6
43.e5+ Kg7 44.f4  1/2-1/2

[Event "Zalakaros op"]
[Site "Zalakaros"]
[Date "1995.??.??"]
[Round "7"]
[White "Petran, Pal"]
[Black "Groszpeter, Attila"]
[Result "0-1"]
[WhiteElo "2470"]
[BlackElo "2520"]

1.d4 Nf6 2.c4 g6 3.Nc3 Bg7 4.e4 d6 5.Nf3 O-O 6.Be2 e5 7.d5 a5 8.Bg5 h6 9.Bh4 Na6
10.Nd2 Qe8 11.O-O Bd7 12.Kh1 Nh7 13.a3 h5 14.f3 Bh6 15.Qc2 Be3 16.Bf2 Bxf2
17.Rxf2 Qe7 18.Rb1 c5 19.Rbf1 Nc7 20.b3 Ne8 21.Nd1 Ng7 22.Ne3 h4 23.f4 exf4
24.Rxf4 Rae8 25.Qc3 b6 26.Ng4 Bxg4 27.Bxg4 Qe5 28.Qxe5 Rxe5 29.Bh3 Ng5 30.Rxh4 Rfe8
31.Rhf4 R8e7 32.Bg4 Nxe4 33.Nf3 f5 34.Nxe5 Rxe5 35.Bd1 g5 36.R4f3 Nd2 37.Rg1 Nxf3
38.gxf3 f4 39.Kg2 Kf7 40.Kf2 Nh5 41.b4 axb4 42.axb4 Nf6 43.Bc2 cxb4 44.Rb1 Re3
45.Bf5 b3 46.h4 gxh4 47.Kg2 Kg7 48.Kh3 Rxf3+ 49.Kxh4 Kh6 50.Rb2 Rg3 51.Rf2 Rg5
52.Rxf4 Rh5+ 53.Kg3 Rxf5 54.Rxf5 Ne4+ 55.Kg4 b2  0-1

[Event "Zalakaros op"]
[Site "Zalakaros"]
[Date "1995.??.??"]
[Round "9"]
[White "Petran, Pal"]
[Black "Videki, Sandor"]
[Result "0-1"]
[WhiteElo "2470"]
[BlackElo "2455"]

1.c4 g6 2.Nc3 Bg7 3.d4 d6 4.e4 Nf6 5.Nf3 O-O 6.Be2 e5 7.d5 a5 8.Bg5 h6 9.Bh4 Na6
10.Nd2 Bd7 11.O-O Qb8 12.a3 Nh7 13.Kh1 h5 14.f3 Bh6 15.Qc2 a4 16.b4 axb3
17.Nxb3 Be3 18.Qd3 Bh6 19.c5 dxc5 20.Be7 Re8 21.Bxc5 Nxc5 22.Nxc5 Nf6 23.Nxd7 Nxd7
24.Nb5 Nc5 25.Qc3 Bf8 26.Qc2 Bd6 27.Rfb1 Qd8 28.Rb4 Ra5 29.a4 Qe7 30.Nxd6 cxd6
31.Bb5 Rf8 32.Rf1 Raa8 33.Qd2 Kg7 34.Rc4 Rac8 35.Qe3 Rc7 36.g3 h4 37.g4 f6
38.Rfc1 Rh8 39.Rg1 Rcc8 40.Qc3 Kf7 41.Qe3 g5 42.Rgc1 Rc7 43.Kg2 Ra8 44.R1c3 Rcc8
45.Qd2 Rd8 46.Qa2 Kg7 47.Qa3 Rac8 48.Qb4 Qc7 49.Qb2 Qa5 50.Qc1 Rc7 51.Qe3 Rdc8
52.Qc1 Kf8 53.Qc2 Ke7 54.Qc1 Kd8 55.Qa3 Qb6 56.h3 Nd7 57.Rxc7 Rxc7 58.Bxd7 Kxd7
59.Rxc7+ Kxc7 60.Qc3+ Kb8 61.Qa3 Ka7 62.a5 Qc7 63.Qb4 Qc2+ 64.Kf1 Qd1+ 65.Kg2 Qe2+
66.Kg1 Qe3+ 67.Kg2 Ka8 68.Qxd6 Qe2+ 69.Kg1 Qe1+ 70.Kg2 Qg3+ 71.Kf1 Qxf3+
72.Ke1 Qxe4+ 73.Kd2 Qd4+ 74.Kc2 Qc4+ 75.Kb2 Qb5+ 76.Kc2 Qa4+ 77.Kb2 Qxa5
78.Qe6 Qb4+ 79.Ka1 Qc3+ 80.Kb1 Qd3+ 81.Kb2 Qd4+ 82.Kb3 e4 83.d6 Qb6+  0-1

[Event "Zaragoza op-A"]
[Site "Zaragoza"]
[Date "1995.??.??"]
[Round "1"]
[White "Mellado Trivino, Juan"]
[Black "Touzane, Olivier"]
[Result "1/2-1/2"]
[WhiteElo "2445"]
[BlackElo "2310"]

1.c4 Nf6 2.Nc3 g6 3.e4 d6 4.d4 Bg7 5.Nf3 O-O 6.Be2 e5 7.dxe5 dxe5 8.Qxd8 Rxd8
9.Bg5 c6 10.Nxe5 Re8 11.O-O-O Na6 12.f4 h6 13.Bxf6 Bxf6 14.Nf3 Bxc3 15.bxc3 Nc5
16.Nd2 Bf5 17.exf5 Rxe2 18.fxg6 fxg6 19.Nf3 Rxa2 20.Ne5 a5 21.Kb1 Rf2 22.Rhf1 Rxg2
23.Rg1 Rxg1 24.Rxg1 Kh7 25.Nxg6 Ne4 26.f5 Nd6 27.Ne7 Rf8 28.Rd1 Rf7 29.Nxc6 Nxc4
30.Nd4 Ne3 31.Rd3 Nxf5 32.Nxf5 Rxf5 33.Rd7+ Kg6 34.Rxb7 Rf1+ 35.Ka2 Rf2+
36.Kb3 Rxh2 37.Rb6+ Kg5  1/2-1/2

[Event "Zaragoza op-A"]
[Site "Zaragoza"]
[Date "1995.??.??"]
[Round "2"]
[White "Hillarp Persson, Tiger"]
[Black "Damljanovic, Branko"]
[Result "1/2-1/2"]
[WhiteElo "2395"]
[BlackElo "2575"]

1.d4 Nf6 2.Nf3 g6 3.c4 Bg7 4.Nc3 O-O 5.e4 d6 6.Be2 e5 7.O-O c6 8.dxe5 dxe5
9.Qxd8 Rxd8 10.Nxe5 Nxe4 11.Nxe4 Bxe5 12.Bg5 Re8 13.Bf3 Be6 14.Bf6 Bf5 15.Bxe5 Bxe4
16.Bxe4 Rxe5 17.Rfe1 Na6 18.Bf3 Rae8 19.Rxe5 Rxe5 20.Kf1 Kf8 21.a3 Nc5 22.b4 Ne6
23.Rd1 Ke7 24.h4 h6 25.g3 g5 26.hxg5 hxg5 27.Re1 Rxe1+ 28.Kxe1 Nd4 29.Be4 f5
30.Bd3 Kf6 31.Kd2 Ke5 32.Ke3 f4+ 33.gxf4+ gxf4+ 34.Kd2 b6 35.Bg6 Ne6 36.Kd3 c5
37.Bf7 Ng5 38.Bd5 cxb4 39.axb4 a5 40.bxa5 bxa5 41.f3 Ne6 42.Kc3 Nc5 43.Bg8 Kd6
44.Kd4 a4 45.Kc3 Na6 46.Kb2 Ke5 47.Ka3 Nc5 48.Kb4 Kd4 49.Bd5 Ke3 50.Bc6 Kd4  1/2-1/2